Expressions de la langue française utilisant le mot peau - Statistiques

Statistiques générales
  • Ce quiz a été pris 219 fois
  • Le résultat moyen est 13 sur 21
Statistiques - réponses
Expression Mot manquant % Correct
très amoureux : .... quelqu'un dans la peau avoir
94%
conte de Perrault : Peau d'.... âne
93%
très maigre : n'avoir que la peau et les ... os
93%
vendre la peau de l'... avant de l'avoir tué ours
92%
glisser sur une peau de .... banane
91%
irritable : avoir les nerfs à .... de peau fleur
85%
très cher : coûte la peau des .... fesses
82%
peau rose, très douce : peau de ... (fruit) pêche
82%
dure, sévère, méchante : c'est une peau de ... vache
79%
changer de comportement : faire peau ... neuve
77%
être très résistant : avoir la peau .... dure
76%
suivre de très près : ... à la peau coller
59%
cela se réduit comme une peau de .... chagrin
57%
ne pas prendre de risque : .... à sa peau tenir
53%
insulte : ... peau vieille
53%
l'acteur ... dans la peau du personnage entre
39%
se défendre avec énergie avant de succomber :vendre .... sa peau chèrement
23%
se faire tuer : ... la peau trouer
21%
cela ne vaut rien : peau de .... balle
14%
insulte pour méchant, mauvais : peau d'... (poisson) hareng
14%
prostituée : peau de .... (animal) chien
12%
Aucun quiz correspondant
Distribution des résultats
% des personnes avec chaque résultat
Percentile par nombre de réponses
Votre historique - résultats
Vous n’avez pas pris ce quiz